Southville International School and Colleges
Your cart is empty.
  • Cart
  • Lists
    Public lists Eva Luna New books Lux_list list_1
    Your lists Log in to create your own lists
  • Log in to your account
  • Your cookies
  • Search history
Southville International School and Colleges
  • Advanced search
  • Recent comments
  • Most popular
  • Libraries

Log in to your account

Log in with GOOGLE


If you do not have an external account, but do have a local account, you can still log in:

  1. Home
  2. MARC view: Differentiated literarcy strategies grades 7-12
Normal view MARC view ISBD view

Differentiated literarcy strategies grades 7-12 (Record no. 2566)

[ view plain ]
MARC details
000 -LEADER
fixed length control field 00831nam a22002417a 4500
003 - CONTROL NUMBER IDENTIFIER
control field OSt
005 - DATE AND TIME OF LATEST TRANSACTION
control field 20140310181736.0
008 - FIXED-LENGTH DATA ELEMENTS--GENERAL INFORMATION
fixed length control field 130320t xxu||||| |||| 00| 0 eng d
020 ## - INTERNATIONAL STANDARD BOOK NUMBER
International Standard Book Number 9781412996471
050 ## - LIBRARY OF CONGRESS CALL NUMBER
Classification number PE1128.A2
Item number G74 2012
082 ## - DEWEY DECIMAL CLASSIFICATION NUMBER
Classification number PE1128.A2
Item number G74 2012
245 ## - TITLE STATEMENT
Title Differentiated literarcy strategies grades 7-12
Remainder of title for english language learners
Statement of responsibility, etc Gayle H. Gregory and Amy Burkman
260 ## - PUBLICATION, DISTRIBUTION, ETC. (IMPRINT)
Place of publication, distribution, etc California:
Name of publisher, distributor, etc Corwin,
Date of publication, distribution, etc c2012.
300 ## - PHYSICAL DESCRIPTION
Extent ix, 228p. :
Other physical details ill. ;
Dimensions 25 cm.
521 ## - TARGET AUDIENCE NOTE
Target audience note
541 ## - IMMEDIATE SOURCE OF ACQUISITION NOTE
-- 1
562 ## - COPY AND VERSION IDENTIFICATION NOTE
Number of copies 1
650 ## - SUBJECT ADDED ENTRY--TOPICAL TERM
Source of heading or term English language--Study and teaching (Middle school)--Foreign speakers
650 ## - SUBJECT ADDED ENTRY--TOPICAL TERM
Source of heading or term English language--Study and teaching (Secondary)--Foreign speakers
650 ## - SUBJECT ADDED ENTRY--TOPICAL TERM
Source of heading or term Content area reading
650 ## - SUBJECT ADDED ENTRY--TOPICAL TERM
Source of heading or term Individualized instruction
942 ## - ADDED ENTRY ELEMENTS (KOHA)
Source of classification or shelving scheme Library of Congress Classification
Koha item type
Call number prefix
Holdings
Withdrawn status Lost status Source of classification or shelving scheme Damaged status Home library Current library Shelving location Date acquired Total Checkouts Full call number Barcode Date last seen Copy number Price effective from Koha item type
    Library of Congress Classification   Luxembourg Library Luxembourg Library Teachers Reference Section 03/20/2013   PE 1128.A2 G74 2012 19362 08/13/2013 1 10/03/2013 Books

Differentiated literarcy strategies grades 7-12

APA

(2012). Differentiated literarcy strategies grades 7-12. California: Corwin.

Chicago

2012. Differentiated literarcy strategies grades 7-12. California: Corwin.

Harvard

(2012). Differentiated literarcy strategies grades 7-12. California: Corwin.

MLA

Differentiated literarcy strategies grades 7-12. California: Corwin. 2012.

  • Place hold
  • Print
  • Cite
  • Add to your cart (remove)
  • Save record
    BIBTEX Dublin Core MARCXML MARC (non-Unicode/MARC-8) MARC (Unicode/UTF-8) MARC (Unicode/UTF-8, Standard) MODS (XML) RIS
  • More searches
    Search for this title in:
    Other Libraries (WorldCat) Other Databases (Google Scholar) Online Stores (Bookfinder.com) Open Library (openlibrary.org)

Exporting to Dublin Core...

SOUTHVILLE LIBRARY

Southville International School and Colleges Library

1281 Tropical Ave. Cor. Luxembourg St., BF Homes International, Las Pinas City

Tel. No. 8256374 / 252358 Loc. 117/146

Powered by Koha